[Event "III Open A Carnevale"]
[Site "Milano ITA"]
[Date "2012.02.19"]
[Round "5"]
[White "Nepi, Ezio"]
[Black "Bisignano, Giuseppe"]
[Result "1-0"]
[WhiteElo "1934"]
[BlackElo "1916"]
[PlyCount "135"]
[EventDate "2012.02.15"]

1. d4 Nf6 2. c4 d6 3. Nf3 Bf5 4. Nc3 e6 5. g3 Nbd7 6. Bg2 c6 7. O-O e5 8. d5 c5
9. Nh4 Bg4 10. h3 Bh5 11. Qb3 Rb8 12. e4 Bg6 13. Qd1 Be7 14. a3 Bh5 15. Qd3 h6
16. Nf5 g5 17. Nb5 Qb6 18. a4 a5 19. Ra3 Bg6 20. g4 h5 21. Nxe7 Kxe7 22. Bxg5
hxg4 23. hxg4 Rbg8 24. Qe2 Kf8 25. Bxf6 Nxf6 26. Rg3 Qd8 27. f3 Rh4 28. Rh3
Rgh8 29. Rxh4 Rxh4 30. Qf2 Nh7 31. Nxd6 Ng5 32. Nf5 Bxf5 33. exf5 b6 34. Qg3
Qf6 35. Rd1 Qh8 36. d6 Ke8 37. f6 Qxf6 38. Rd5 Kd7 39. Qxe5 Qxe5 40. Rxe5 f6
41. Rf5 Rh6 42. Kf2 Kxd6 43. Kg3 Ne6 44. f4 Nd4 45. Rh5 Rg6 46. Bf1 Rg7 47. Bd3
Re7 48. Kf2 Ke6 49. Rh8 Rd7 50. Rb8 Rd6 51. Bg6 Nb3 52. Ke3 Kd7 53. Rb7+ Kc8
54. Rf7 Nd4 55. Be4 Re6 56. Kd3 Kd8 57. Bd5 Rd6 58. Rh7 Nc6 59. Ke4 Ne7 60. Rh6
Kd7 61. Rh7 Kd8 62. Rg7 Ke8 63. g5 fxg5 64. fxg5 Kd7 65. Ke5 Rg6 66. Rxg6 Nxg6+
67. Kf6 Ne7 68. g6 1-0

[Event "III Open A Carnevale"]
[Site "Milano ITA"]
[Date "2012.02.19"]
[Round "5"]
[White "Pelizzola, Danilo"]
[Black "Montoli, Marco"]
[Result "1-0"]
[WhiteElo "1963"]
[BlackElo "1904"]
[PlyCount "117"]
[EventDate "2012.02.15"]

1. e4 c5 2. Nf3 e6 3. c4 Nc6 4. Nc3 a6 5. g3 g6 6. Bg2 Bg7 7. O-O Nge7 8. d3
O-O 9. Be3 Nd4 10. Ne2 Nxe2+ 11. Qxe2 d6 12. d4 Qc7 13. Rad1 Rb8 14. Rc1 b6 15.
Qd2 Bb7 16. Ng5 Nc6 17. d5 exd5 18. cxd5 Ne5 19. h3 h6 20. Nf3 Nxf3+ 21. Bxf3
Kh7 22. Bg2 Rbe8 23. Rfe1 Bc8 24. Qc2 Qd8 25. h4 f5 26. Bf4 Qf6 27. Qc3 Qf7 28.
Qd2 Qf6 29. b4 Rf7 30. Re2 Qd8 31. Rce1 Rfe7 32. a3 c4 33. Qc2 b5 34. Bd2 Bd7
35. Bc3 Bxc3 36. Qxc3 Rf7 37. exf5 Rxf5 38. Be4 Qf6 39. Qxf6 Rxf6 40. h5 Ref8
41. Bxg6+ Kg8 42. f4 Bf5 43. Kf2 Bxg6 44. hxg6 Rxg6 45. Kf3 Rf7 46. Re8+ Rf8
47. R1e6 Rxe6 48. Rxe6 Rc8 49. Ke2 Rd8 50. Rxh6 Kg7 51. Re6 Kf7 52. g4 Re8 53.
f5 Rxe6+ 54. dxe6+ Ke7 55. g5 d5 56. Ke3 c3 57. Kd3 d4 58. g6 Kf6 59. Kc2 1-0

[Event "III Open A Carnevale"]
[Site "Milano ITA"]
[Date "2012.02.19"]
[Round "5"]
[White "Vezzosi, Paolo"]
[Black "Lanzani, Mario"]
[Result "1-0"]
[WhiteElo "2282"]
[BlackElo "2347"]
[PlyCount "41"]
[EventDate "2012.02.15"]

1. Nf3 d5 2. c4 d4 3. g3 Nc6 4. Bg2 e5 5. O-O a5 6. e3 Nf6 7. exd4 exd4 8. d3
Be7 9. Na3 h6 10. Nb5 O-O 11. Bf4 Ne8 12. Re1 g5 13. Ne5 Nxe5 14. Bxe5 c6 15.
Qh5 f6 16. Qg6+ Ng7 17. Bc7 Qd7 18. Bb6 Bd8 19. Bc5 Qf7 20. Qxh6 cxb5 21. Bd5
1-0

[Event "III Open A Carnevale"]
[Site "Milano ITA"]
[Date "2012.02.19"]
[Round "5"]
[White "Villalba, Fernando"]
[Black "Papale, Carmelo"]
[Result "1-0"]
[WhiteElo "1881"]
[BlackElo "1874"]
[PlyCount "32"]
[EventDate "2012.02.15"]

1. d4 Nf6 2. Nf3 d5 3. Bf4 e6 4. e3 Nbd7 5. c3 Be7 6. h3 b6 7. Be2 Bb7 8. Nbd2
O-O 9. O-O c5 10. a4 a6 11. Bd3 Ne4 12. Ne5 f5 13. Ndf3 g5 14. Nxd7 Qxd7 15.
Be5 g4 16. hxg4 fxg4 1-0

[Event "III Open A Carnevale"]
[Site "Milano ITA"]
[Date "2012.02.19"]
[Round "5"]
[White "Virzi, Ettore"]
[Black "Altieri, Danilo Mario"]
[Result "1/2-1/2"]
[WhiteElo "1960"]
[BlackElo "1980"]
[PlyCount "105"]
[EventDate "2012.02.15"]

1. e4 d5 2. exd5 Nf6 3. Nf3 Nxd5 4. d4 g6 5. c4 Nb6 6. Nc3 Bg7 7. c5 Nd5 8. Bc4
c6 9. O-O O-O 10. Re1 h6 11. Qb3 Nxc3 12. bxc3 e6 13. Rb1 b5 14. cxb6 axb6 15.
Qxb6 Qxb6 16. Rxb6 Ba6 17. Bxa6 Rxa6 18. Rxa6 Nxa6 19. Bf4 Rc8 20. Rc1 c5 21.
Be3 cxd4 22. cxd4 Ra8 23. a3 Bf8 24. Rc3 Bg7 25. Rb3 Nc7 26. g3 Nd5 27. Bc1 g5
28. h3 Ne7 29. Bb2 Nc6 30. Ne5 Nxe5 31. dxe5 Ra5 32. f4 Kh7 33. Bc3 Ra7 34. Kg2
Kg6 35. Kf3 gxf4 36. Kxf4 h5 37. Bb4 Rd7 38. Bd6 Bh6+ 39. Ke4 Ra7 40. Rd3 Bc1
41. Bb4 Ra4 42. Kf3 Bb2 43. Bd6 Kf5 44. Re3 Ra5 45. g4+ hxg4+ 46. hxg4+ Kg5 47.
Be7+ Kg6 48. Bd6 Kg5 49. Rb3 Bxe5 50. Bxe5 Rxe5 51. a4 Kf6 52. Rb5 Re1 53. g5+
1/2-1/2

[Event "III Open A Carnevale"]
[Site "Milano ITA"]
[Date "2012.02.19"]
[Round "6"]
[White "Altieri, Danilo Mario"]
[Black "Coppola, Federico"]
[Result "1-0"]
[WhiteElo "1980"]
[BlackElo "1814"]
[PlyCount "67"]
[EventDate "2012.02.15"]

1. Nf3 Nf6 2. g3 g6 3. Bg2 Bg7 4. O-O O-O 5. d3 c5 6. e4 d6 7. c3 Nc6 8. Nbd2
Qb6 9. Nc4 Qc7 10. Ne3 Bd7 11. Re1 Rac8 12. h3 b5 13. Nd5 Nxd5 14. exd5 Ne5 15.
Nxe5 Bxe5 16. Bg5 e6 17. Bh6 Bg7 18. Bxg7 Kxg7 19. d4 cxd4 20. dxe6 fxe6 21.
Qxd4+ e5 22. Qd2 Qc5 23. Rad1 Rf6 24. Qe3 Qc7 25. Rd2 Rcf8 26. Red1 R8f7 27. g4
Bc6 28. g5 Re6 29. Rxd6 Bd7 30. R6d2 Bc6 31. Bd5 Bxd5 32. Rxd5 a6 33. Qg3 Rfe7
34. Qh4 1-0

[Event "III Open A Carnevale"]
[Site "Milano ITA"]
[Date "2012.02.19"]
[Round "6"]
[White "Bemporad, Filippo"]
[Black "Facchetti, Gianni"]
[Result "1/2-1/2"]
[WhiteElo "2055"]
[BlackElo "2084"]
[PlyCount "127"]
[EventDate "2012.02.15"]

1. d4 Nf6 2. Nf3 d6 3. g3 Nbd7 4. Bg2 e5 5. O-O Be7 6. b3 c6 7. dxe5 Nxe5 8.
Bb2 Nxf3+ 9. Bxf3 O-O 10. c4 Bh3 11. Re1 Qa5 12. Nc3 Rfd8 13. Qd2 Qf5 14. Qd3
Qe6 15. Qd4 Ne8 16. Rad1 Bf5 17. Bg2 Qg6 18. a3 Bf6 19. Qd2 Bc2 20. Rc1 Bf5 21.
b4 a6 22. a4 Rac8 23. b5 axb5 24. axb5 Bxc3 25. Bxc3 Be4 26. Bxe4 Qxe4 27. Qd4
Qxd4 28. Bxd4 Ra8 29. Ra1 Kf8 30. Kg2 f6 31. Kf3 Ke7 32. h4 h5 33. Rec1 Rxa1
34. Rxa1 cxb5 35. cxb5 Rd7 36. Ke4 g6 37. f3 Ke6 38. g4 hxg4 39. fxg4 Rh7 40.
Bf2 Nc7 41. Rb1 Nd5 42. Rb3 f5+ 43. gxf5+ gxf5+ 44. Kf3 Rc7 45. e4 fxe4+ 46.
Kxe4 Rc2 47. Kf3 Rc8 48. Be1 Rf8+ 49. Kg4 Rg8+ 50. Kf3 Rg1 51. Bf2 Rg7 52. Be1
Rf7+ 53. Kg3 Rg7+ 54. Kf3 Rh7 55. Rb2 Rh5 56. Bg3 Rf5+ 57. Kg2 Nf6 58. Re2+ Kd7
59. Rf2 Rxf2+ 60. Bxf2 Ke6 61. Kf3 Kf5 62. Bd4 Nh5 63. Be3 Nf6 64. Bd4 1/2-1/2

[Event "III Open A Carnevale"]
[Site "Milano ITA"]
[Date "2012.02.19"]
[Round "6"]
[White "Bisignano, Giuseppe"]
[Black "Miracola, Giorgia"]
[Result "1-0"]
[WhiteElo "1916"]
[BlackElo "1798"]
[PlyCount "111"]
[EventDate "2012.02.15"]

1. e4 c5 2. Nf3 d6 3. d4 cxd4 4. Nxd4 Nf6 5. Nc3 a6 6. Bc4 e6 7. Bb3 Nbd7 8.
Be3 Nc5 9. f3 Be7 10. O-O O-O 11. Qd2 Qc7 12. Qf2 b5 13. g4 Bb7 14. a3 Nxb3 15.
cxb3 Rad8 16. Rac1 Qb8 17. Na2 Rc8 18. Nb4 Qa8 19. Rfd1 Nd7 20. Nd3 Rfd8 21.
Ne2 Rxc1 22. Rxc1 Rc8 23. Rxc8+ Qxc8 24. Nc3 Qa8 25. Qd2 d5 26. Nf4 Bc5 27.
exd5 exd5 28. Bxc5 Nxc5 29. Nfxd5 Bxd5 30. Nxd5 Nxb3 31. Qe3 Na5 32. Nc7 Nc4
33. Qd4 Qb8 34. Nxa6 Qb6 35. Qxb6 Nxb6 36. b3 Nd5 37. Kf2 Kf8 38. a4 bxa4 39.
bxa4 Ke7 40. Nc5 Kd8 41. Kg3 Kc7 42. f4 Nc3 43. a5 Kc6 44. Nb3 Nb5 45. Kf3 Nc7
46. Ke4 Kd6 47. Nd4 Kc5 48. Ke5 Ne8 49. Nf5 Kc6 50. Nxg7 Nxg7 51. Kf6 Ne8+ 52.
Kxf7 Nc7 53. f5 Kb5 54. g5 Kxa5 55. g6 hxg6 56. fxg6 1-0

[Event "III Open A Carnevale"]
[Site "Milano ITA"]
[Date "2012.02.19"]
[Round "6"]
[White "Lanzani, Mario"]
[Black "Gonella, Daniele"]
[Result "1-0"]
[WhiteElo "2347"]
[BlackElo "2100"]
[PlyCount "127"]
[EventDate "2012.02.15"]

1. d4 d5 2. c4 e6 3. Nf3 Nf6 4. g3 c5 5. cxd5 exd5 6. Bg2 Nc6 7. O-O Be7 8. Nc3
O-O 9. dxc5 Bxc5 10. Bg5 d4 11. Bxf6 Qxf6 12. Nd5 Qd8 13. Nd2 Re8 14. Rc1 Bd6
15. Nb3 Bg4 16. Rc2 Be5 17. Nc5 Rb8 18. Qd2 Ne7 19. Nf4 b6 20. Nfd3 Bd6 21. Nb3
Rc8 22. Rxc8 Bxc8 23. Rc1 Nf5 24. Bf3 Qf6 25. Nb4 Bd7 26. Rd1 Ba4 27. Nd5 Qe5
28. Qd3 Bc6 29. Nxd4 Bxd5 30. Qxf5 Qxf5 31. Nxf5 Bxf3 32. exf3 Bc5 33. Ne3 g6
34. Rd3 Re7 35. Kf1 Kg7 36. Ke2 h6 37. a3 a5 38. f4 f5 39. Rd5 Re6 40. Kf3 Bxe3
41. fxe3 Kf6 42. Rd4 g5 43. fxg5+ hxg5 44. h4 gxh4 45. Rxh4 Kg5 46. Rd4 Re5 47.
e4 fxe4+ 48. Rxe4 Rb5 49. b4 Kf5 50. Ke3 Rd5 51. Rd4 Re5+ 52. Kd3 axb4 53. axb4
b5 54. Rd6 Re8 55. Rd5+ Ke6 56. Rxb5 Kd6 57. Kd4 Kc6 58. Rg5 Kb7 59. Kd3 Rc8
60. Rg4 Re8 61. Re4 Rg8 62. g4 Rg5 63. Kc4 Kc6 64. Rd4 1-0

[Event "III Open A Carnevale"]
[Site "Milano ITA"]
[Date "2012.02.19"]
[Round "6"]
[White "Montani, Francesco"]
[Black "Brociner, Beniamino"]
[Result "1-0"]
[WhiteElo "2209"]
[BlackElo "1951"]
[PlyCount "93"]
[EventDate "2012.02.15"]

1. e4 c5 2. Nc3 e6 3. Nf3 Nf6 4. e5 Nd5 5. Ne4 Qc7 6. b3 d6 7. Bb2 dxe5 8. Nxe5
f6 9. Bb5+ Nc6 10. Qh5+ g6 11. Bxc6+ bxc6 12. Nxg6 Qf7 13. c4 Qxg6 14. Qxg6+
hxg6 15. cxd5 cxd5 16. Nxf6+ Kf7 17. Nxd5 Rg8 18. Ne3 Ba6 19. Nc4 Bh6 20. f4
Ke7 21. O-O Raf8 22. Ba3 Rf5 23. d4 Bxf4 24. Bxc5+ Kd7 25. g3 Bb8 26. Rad1 Bb7
27. Ne3 Rh5 28. Rf7+ Kc6 29. Rc1 Ba8 30. Bxa7+ Kb5 31. Rc5+ Rxc5 32. Bxc5 e5
33. a4+ Kc6 34. b4 exd4 35. Bxd4 Rd8 36. b5+ Kd6 37. b6 Kc6 38. Rf6+ Kb7 39.
Nc2 Ka6 40. Kf2 Be4 41. Nb4+ Ka5 42. Bc3 Kxa4 43. Ke3 Bf5 44. Nc6 Rd3+ 45. Ke2
Bxg3 46. hxg3 Rxc3 47. b7 1-0

[Event "III Open A Carnevale"]
[Site "Milano ITA"]
[Date "2012.02.19"]
[Round "6"]
[White "Nepi, Ezio"]
[Black "Villalba, Fernando"]
[Result "0-1"]
[WhiteElo "1934"]
[BlackElo "1881"]
[PlyCount "151"]
[EventDate "2012.02.15"]

1. d4 Nf6 2. c4 e6 3. g3 d5 4. Bg2 c6 5. Qc2 Be7 6. Nf3 O-O 7. O-O Nbd7 8. Nbd2
h6 9. b3 dxc4 10. Nxc4 Nd5 11. Bb2 N7f6 12. Rad1 a5 13. a3 Qc7 14. Rfe1 b5 15.
Nce5 Bb7 16. e4 Nb6 17. Rc1 Rac8 18. Qb1 Qd8 19. Nd3 a4 20. Nc5 Ba8 21. b4 Nc4
22. Bf1 Nxb2 23. Qxb2 Bxc5 24. dxc5 Qe7 25. Rcd1 Rcd8 26. Qc2 Rxd1 27. Rxd1 Rd8
28. Rxd8+ Qxd8 29. Qd2 Qxd2 30. Nxd2 Nd7 31. Nf3 Nb8 32. Bh3 Kf8 33. e5 Ke7 34.
Nd4 g6 35. f4 Na6 36. Bg2 Kd7 37. Kf2 Nc7 38. Ke2 Nd5 39. Kd3 h5 40. h3 Bb7 41.
Ne2 Ke7 42. g4 hxg4 43. hxg4 Kd7 44. Be4 Ne7 45. Nd4 Kc7 46. Ke2 Bc8 47. Kf3
Bd7 48. Kg3 Kd8 49. Kh4 Ke8 50. Kg5 Kf8 51. Kh6 Kg8 52. Nf3 Nc8 53. Ng5 Ne7 54.
Nh7 Bc8 55. Nf6+ Kf8 56. Bd3 Bb7 57. Kg5 Bc8 58. Be4 Bb7 59. Nd7+ Ke8 60. Nb6
Kf8 61. f5 exf5 62. gxf5 gxf5 63. Bxf5 Nxf5 64. Kxf5 Ke7 65. Kg5 Ke6 66. Kf4 f6
67. exf6 Kxf6 68. Nd7+ Ke6 69. Ne5 Kd5 70. Kf5 Kd4 71. Ke6 Kc3 72. Kd6 Kb3 73.
Nxc6 Kxa3 74. Na5 Bf3 75. c6 Bxc6 76. Nxc6 0-1

[Event "III Open A Carnevale"]
[Site "Milano ITA"]
[Date "2012.02.19"]
[Round "6"]
[White "Pace, Pietro Dario"]
[Black "Vezzosi, Paolo"]
[Result "0-1"]
[WhiteElo "2294"]
[BlackElo "2282"]
[PlyCount "54"]
[EventDate "2012.02.15"]

1. e4 c5 2. Nf3 Nc6 3. Nc3 e6 4. d4 cxd4 5. Nxd4 Qc7 6. g3 d6 7. Bg2 Nf6 8. O-O
Be7 9. b3 O-O 10. Bb2 Bd7 11. Ncb5 Qb8 12. c4 a6 13. Nc3 Nxd4 14. Qxd4 b5 15.
Rfe1 Rc8 16. e5 dxe5 17. Rxe5 Ra7 18. Ne4 Bc6 19. cxb5 axb5 20. Nc5 Bxg2 21.
Kxg2 Bd6 22. Nd3 Bxe5 23. Nxe5 Rd8 24. Qc3 Rc7 25. Qe3 Rc2 26. Bd4 Qa8+ 27. Kh3
Qe4 0-1

[Event "III Open A Carnevale"]
[Site "Milano ITA"]
[Date "2012.02.19"]
[Round "6"]
[White "Papale, Carmelo"]
[Black "Guzzetti, Luigi Enrico"]
[Result "1-0"]
[WhiteElo "1874"]
[BlackElo "1905"]
[PlyCount "53"]
[EventDate "2012.02.15"]

1. e4 c5 2. Nf3 e6 3. d4 cxd4 4. Nxd4 a6 5. Nc3 Qc7 6. Bd3 Nf6 7. O-O Nc6 8.
Be3 Be7 9. f4 d6 10. f5 e5 11. Nde2 b5 12. a3 Bb7 13. Qd2 Rc8 14. Rad1 Na5 15.
b3 Ng4 16. Rf3 Nxe3 17. Qxe3 d5 18. Qd2 dxe4 19. Nxe4 Bxe4 20. Bxe4 Rd8 21. Bd5
Bxa3 22. f6 g6 23. b4 Nc4 24. Bc6+ Rd7 25. Qxd7+ Qxd7 26. Bxd7+ Kf8 27. Bxb5
1-0

[Event "III Open A Carnevale"]
[Site "Milano ITA"]
[Date "2012.02.19"]
[Round "6"]
[White "Petrone, Gianmario"]
[Black "Monticone, Sonia"]
[Result "0-1"]
[WhiteElo "1933"]
[BlackElo "1871"]
[PlyCount "94"]
[EventDate "2012.02.15"]

1. e4 c5 2. Nf3 e6 3. d4 cxd4 4. Nxd4 a6 5. Nc3 Qc7 6. Bd3 Nf6 7. O-O Be7 8.
Be3 O-O 9. a4 d6 10. f4 Nbd7 11. Qe1 b6 12. Qg3 g6 13. Be2 Nc5 14. Bf3 Bb7 15.
e5 Nfe4 16. Nxe4 Nxe4 17. Bxe4 Bxe4 18. c3 h5 19. f5 exf5 20. Ne6 h4 21. Nxc7
hxg3 22. Nxa8 gxh2+ 23. Kxh2 Rxa8 24. Bxb6 dxe5 25. c4 Kg7 26. Rad1 Bg5 27. a5
Rc8 28. Rc1 Bxc1 29. Rxc1 Bd3 30. c5 Bb5 31. Rd1 e4 32. Rd8 Rxd8 33. Bxd8 f6
34. Kg3 g5 35. Kf2 f4 36. Bc7 Kg6 37. g3 Kf5 38. gxf4 gxf4 39. Bb6 Kg4 40. c6
Bxc6 41. Bd4 e3+ 42. Ke1 Bb5 43. b4 Kg3 44. Bc5 Kf3 45. Bd4 f5 46. Bf6 Ke4 47.
Bh4 f3 0-1

[Event "III Open A Carnevale"]
[Site "Milano ITA"]
[Date "2012.02.19"]
[Round "6"]
[White "Reale, Simone"]
[Black "Marchini, Daniele"]
[Result "0-1"]
[WhiteElo "1904"]
[BlackElo "1820"]
[PlyCount "72"]
[EventDate "2012.02.15"]

1. d4 Nf6 2. c4 e6 3. Nf3 d5 4. Bg5 Be7 5. Nc3 Nbd7 6. e3 b6 7. Rc1 Bb7 8. cxd5
exd5 9. Bd3 O-O 10. O-O Ne4 11. Nxe4 dxe4 12. Bxe7 Qxe7 13. Rxc7 Bc8 14. Ne5
exd3 15. Qa4 Rd8 16. Rxa7 Nc5 17. Nc6 Qxa7 18. Qxa7 Rxa7 19. dxc5 Rad7 20. Nxd8
Rxd8 21. cxb6 Ba6 22. Rd1 Rb8 23. f3 Rxb6 24. Rd2 Kf8 25. Kf2 Ke7 26. e4 g6 27.
Ke3 Rb7 28. b3 Kd6 29. g3 f5 30. exf5 gxf5 31. Rb2 Kd5 32. Rd2 Rb8 33. Kf4 Re8
34. Kxf5 Re2 35. Rd1 Rxa2 36. h4 d2 0-1

[Event "III Open A Carnevale"]
[Site "Milano ITA"]
[Date "2012.02.19"]
[Round "6"]
[White "Swannie, Douglas"]
[Black "D'Orta, Antonio"]
[Result "1/2-1/2"]
[WhiteElo "1932"]
[BlackElo "1920"]
[PlyCount "97"]
[EventDate "2012.02.15"]

1. d4 Nf6 2. c4 c6 3. Nf3 d5 4. e3 g6 5. Nc3 Bg7 6. cxd5 cxd5 7. Bb5+ Nc6 8.
Ne5 O-O 9. Nxc6 bxc6 10. Bxc6 Bg4 11. f3 Rc8 12. Ba4 Bf5 13. O-O Qb6 14. Bb3
Rfd8 15. Na4 Qd6 16. Nc5 h5 17. Nb7 Qb8 18. Nxd8 Rxd8 19. Qe1 e5 20. Qg3 h4 21.
Qxh4 Bd3 22. Rd1 e4 23. Bd2 Qb6 24. Qe1 Qe6 25. Qh4 Be2 26. fxe4 Bxd1 27. exd5
Qg4 28. Qxg4 Bxg4 29. Rc1 Rc8 30. Rxc8+ Bxc8 31. d6 Bd7 32. Bb4 Bf8 33. Bc5 a6
34. Bc4 a5 35. b3 Ne4 36. Bd5 Nxd6 37. e4 Nb5 38. a4 Bxc5 39. dxc5 Nd4 40. Kf2
Kg7 41. Ke3 Nc6 42. Kd3 Kf6 43. Kc4 Ne5+ 44. Kc3 Ke7 45. b4 axb4+ 46. Kxb4 Nd3+
47. Kc4 Ne5+ 48. Kb4 Nd3+ 49. Kc4 1/2-1/2